Industrial Japan : Advertising and marketing in japan

保存先:
書誌詳細
フォーマット: 図書
言語:Undetermined
出版事項: Tokyo 1971
主題:
タグ: タグ追加
タグなし, このレコードへの初めてのタグを付けませんか!
Thư viện lưu trữ: Trung tâm Học liệu Trường Đại học Cần Thơ
LEADER 00420nam a2200157Ia 4500
001 CTU_99003
008 210402s9999 xx 000 0 und d
082 |a 658.8 
082 |b I.42/No.25 
245 0 |a Industrial Japan : 
245 0 |b Advertising and marketing in japan 
260 |a Tokyo 
260 |c 1971 
650 |a Industrial marketing 
904 |i Truc 
980 |a Trung tâm Học liệu Trường Đại học Cần Thơ